[Event "It (open)"]
[Site "masterchessopen.com – USA"]
[Round "9"]
[White "Kelson Richard (USA)"]
[Black "Rao Vivek (USA)"]
[Result "1-0"]
[WhiteElo "2235"]
[BlackElo "2435"]

1.e4 c5 2.Nf3 d6 3.d4 cxd4 4.Nxd4 Nf6 5.Nc3 Nc6 6.Bg5 e6 7.Qd2 a6 8.O-O-O Bd7
9.f4 Be7 10.Be2 O-O 11.g4 b5 12.Bf3 Qc7 13.Bxf6 gxf6 14.Nxc6 Bxc6 15.f5 Kh8
16.Qh6 Rg8 17.Ne2 Qd8 18.h4 Qf8 19.Qe3 Rb8 20.Rh2 Qd8 21.Rdh1 Qb6 22.Qd2 Qc5
23.Nf4 Bd7 24.h5 Rg7 25.Ng6+ fxg6 26.hxg6 Kg8 27.Rxh7 Rxh7 28.Rxh7 Qg1+ 29.Bd1
Bf8 30.Rxd7 Re8 31.g5 Be7 32.Rxe7 Rxe7 33.gxf6 {#r} 1-0

[Event "It (cat.10)"]
[Site "masterchessopen.com – Akureyri (Iceland)"]
[Round "0"]
[White "Kristjansson Olafur (ISL)"]
[Black "Arnason Jon L (ISL)"]
[Result "0-1"]
[WhiteElo "2173"]
[BlackElo "2535"]

1.e4 c5 2.Nf3 d6 3.d4 cxd4 4.Nxd4 Nf6 5.Nc3 a6 6.Bg5 Nc6 7.Qd2 e6 8.O-O-O Bd7
9.f4 Be7 10.Nb3 b5 11.Qe1 b4 12.Na4 Qc7 13.Kb1 O-O 14.e5 dxe5 15.Nac5 Bc8
16.Bd3 h6 17.Qh4 Nd5 18.Bxe7 Ncxe7 19.fxe5 a5 20.Ne4 Qxe5 21.g4 a4 22.Nbd2 Ne3
23.Nf3 Qf4 24.Qxe7 Qxf3 25.Rdf1 Nxf1 26.Rxf1 Qxg4 27.Nd6 Ba6 28.Bxa6 Rxa6
29.Nxf7 Raa8 30.a3 b3 31.h3 Qg6 {#R} 0-1

[Event "It (open)"]
[Site "masterchessopen.com – Caorle (Italy)"]
[Round "0"]
[White "Wagman Stuart (USA)"]
[Black "Pasqualin Giorgio"]
[Result "1-0"]
[WhiteElo "2125"]
[BlackElo "2060"]

1.e4 c5 2.Nf3 Nc6 3.d4 cxd4 4.Nxd4 Nf6 5.Nc3 d6 6.Bg5 e6 7.Qd2 a6 8.O-O-O Bd7
9.f4 Be7 10.Nf3 b5 11.Bd3 h6 12.Bh4 g5 13.fxg5 Ng4 14.Rhf1 Nge5 15.Kb1 Nxf3
16.gxf3 hxg5 17.Bg3 b4 18.Ne2 e5 19.Bc4 Na5 20.Bd5 Rb8 21.f4 gxf4 22.Nxf4 exf4
23.Qxf4 f6 24.e5 dxe5 25.Qe4 Rh6 26.Bxe5 fxe5 27.Bf7+ Kf8 28.Be6+ Rf6 29.Qg6
Bxe6 30.Rxd8+ Bxd8 31.Rxf6+ Bxf6 32.Qxf6+ Ke8 33.Qxe6+ Kd8 34.Qd5+ {#r} 1-0

[Event "It (open)"]
[Site "masterchessopen.com – Royan (France)"]
[Round "0"]
[White "Gallagher Joseph G (SUI)"]
[Black "Cabrilo Goran (SRB)"]
[Result "1-0"]
[WhiteElo "2510"]
[BlackElo "2454"]

1.e4 c5 2.Nf3 Nc6 3.d4 cxd4 4.Nxd4 Nf6 5.Nc3 d6 6.Bg5 e6 7.Qd2 a6 8.O-O-O Be7
9.f4 Bd7 10.Nf3 b5 11.a3 b4 12.axb4 Nxb4 13.Bc4 Qc7 14.Qe2 Rc8 15.Bb3 O-O
16.e5 dxe5 17.fxe5 Nfd5 18.Bxe7 Nxe7 19.Ng5 a5 20.Rhf1 a4 21.Qe4 Ng6 22.Rxd7
Qxd7 23.Rxf7 axb3 24.Rxd7 Rf1+ 25.Rd1 Na2+ 26.Nxa2 {#r} 1-0

[Event "It (open)"]
[Site "masterchessopen.com – Stockholm (Sweden)"]
[Round "0"]
[White "Ernst Thomas (SWE)"]
[Black "Schutz Ingemar (SWE)"]
[Result "1-0"]
[WhiteElo "2460"]
[BlackElo "2194"]

1.e4 c5 2.Nf3 Nc6 3.d4 cxd4 4.Nxd4 Nf6 5.Nc3 d6 6.Bg5 e6 7.Qd2 a6 8.O-O-O Bd7
9.f4 Be7 10.Nf3 b5 11.e5 b4 12.exf6 bxc3 13.Qxc3 gxf6 14.Bh4 d5 15.Kb1 Na5
16.f5 Rc8 17.Qd2 Qc7 18.fxe6 fxe6 19.Bd3 Nc4 20.Bxc4 Qxc4 21.Rhe1 a5 22.g3 a4
23.Nd4 Kf7 24.Qh6 Rcg8 25.Qh5+ Rg6 26.a3 e5 27.Nf5 Bc5 28.Rf1 Rb8 29.Qxh7+ Ke6
30.Ng7+ Kd6 31.Qxg6 Rxb2+ 32.Kxb2 d4 33.Qd3 Qd5 34.Rxf6+ Kc7 35.Qd2 d3 36.Qxd3
Bd4+ 37.Kc1 Qc5 38.Ne6+ Bxe6 39.Rxe6 Be3+ 40.Kb1 {#r} 1-0

[Event "It (open)"]
[Site "masterchessopen.com – New York (USA)"]
[Round "0"]
[White "Rowley Robert (USA)"]
[Black "Saidy Anthony F (USA)"]
[Result "0-1"]
[WhiteElo "2380"]
[BlackElo "2380"]

1.e4 c5 2.Nf3 Nc6 3.d4 cxd4 4.Nxd4 Nf6 5.Nc3 d6 6.Bg5 e6 7.Qd2 a6 8.O-O-O Bd7
9.f4 Be7 10.Nf3 b5 11.e5 b4 12.exf6 bxc3 13.Qxc3 gxf6 14.Bc4 Na5 15.Be2 Rc8
16.Qd4 Nc6 17.Qc3 d5 18.Rd2 Rg8 19.Qd3 fxg5 20.Qxh7 Rf8 21.Ne5 Nxe5 22.fxe5
Qa5 23.Rf1 Qxa2 24.c3 Rxc3+ 25.bxc3 Ba3+ 26.Kd1 Qa1+ 27.Kc2 Qb2+ 28.Kd3 Bb5+
29.Ke3 Bc5+ 30.Kf3 g4+ 31.Kg3 Qxc3+ 32.Rd3 Qxe5+ 33.Kxg4 Qxe2+ {#R} 0-1

[Event "It (open)"]
[Site "masterchessopen.com – Reykjavik (Iceland)"]
[Round "0"]
[White "Hansson Dan (ISL)"]
[Black "Hellers Ferdinand (SWE)"]
[Result "0-1"]
[WhiteElo "2270"]
[BlackElo "2520"]

1.e4 c5 2.Nf3 d6 3.d4 cxd4 4.Nxd4 Nf6 5.Nc3 Nc6 6.Bg5 e6 7.Qd2 a6 8.O-O-O Bd7
9.f4 Be7 10.Nf3 b5 11.Bd3 Qc7 12.Rhe1 b4 13.Ne2 O-O 14.Kb1 a5 15.Ng3 Rfb8
16.Bxf6 Bxf6 17.e5 dxe5 18.Nh5 Be7 19.fxe5 b3 20.cxb3 Nb4 21.Rc1 Bc6 22.Rxc6
Qxc6 23.Be4 Qa6 24.Nf6+ gxf6 25.Qh6 f5 26.Ng5 Bxg5 27.Qxg5+ Kf8 28.Qh6+ Ke8
{#R} 0-1

[Event "It (open)"]
[Site "masterchessopen.com – Reykjavik (Iceland)"]
[Round "0"]
[White "Olafsson David (ISL)"]
[Black "Ivanov Alexander (USA)"]
[Result "0-1"]
[WhiteElo "2260"]
[BlackElo "2523"]

1.e4 c5 2.Nf3 d6 3.d4 cxd4 4.Nxd4 Nf6 5.Nc3 Nc6 6.Bg5 e6 7.Qd2 a6 8.O-O-O Bd7
9.f4 Be7 10.Be2 O-O 11.Nb3 Ne8 12.Bxe7 Nxe7 13.Bd3 a5 14.Nd4 Nc7 15.Rhf1 Rb8
16.a4 d5 17.Qe2 Nc6 18.Nf3 Nb4 19.e5 f6 20.Nd4 Nc6 21.Qh5 f5 22.Ndb5 Nb4
23.Qe2 Bxb5 24.Bxb5 Nca6 25.Kb1 Nc5 26.Rf3 Rc8 27.Rh3 Qe7 28.g4 Qf7 29.g5 Ne4
30.Qe1 Rc7 31.g6 Qxg6 32.Nxe4 fxe4 33.c3 e3+ {#R} 0-1

[Event "It"]
[Site "masterchessopen.com – Bogota (Colombia)"]
[Round "0"]
[White "Acosta Alejandro (MEX)"]
[Black "Perdomo Carlos Andres (COL)"]
[Result "1-0"]
[WhiteElo "2215"]
[BlackElo "2353"]

1.e4 c5 2.Nf3 Nc6 3.d4 cxd4 4.Nxd4 Nf6 5.Nc3 d6 6.Bg5 e6 7.Qd2 Be7 8.O-O-O a6
9.f4 Bd7 10.Nf3 Rc8 11.e5 dxe5 12.fxe5 Nd5 13.Bxe7 Qxe7 14.Ne4 O-O 15.Kb1 b5
16.h4 Qb4 17.Qxb4 Ncxb4 18.c3 Nc6 19.Nc5 Nb8 20.Ne4 Bc6 21.Re1 Nd7 22.h5 h6
23.Rg1 Nf4 24.g4 f6 25.exf6 gxf6 26.Nd4 Bd5 27.Rg3 Kh7 28.Nf2 e5 29.Nd3 Ne6
30.Nb4 exd4 31.Nxd5 Ne5 32.Bd3+ Kh8 33.Bf5 Rce8 34.Nxf6 Rxf6 35.Rxe5 dxc3
36.Ree3 c2+ 37.Kc1 {#r} 1-0

[Event "Ch Czechoslovakia (open)"]
[Site "masterchessopen.com – Bratislava (Slovakia)"]
[Round "9"]
[White "Gazik Igor (SVK)"]
[Black "Banas Jan (SVK)"]
[Result "1-0"]
[WhiteElo "2395"]
[BlackElo "2370"]

1.e4 c5 2.Nf3 Nc6 3.d4 cxd4 4.Nxd4 Nf6 5.Nc3 d6 6.Bg5 e6 7.Qd2 a6 8.O-O-O Bd7
9.f4 Be7 10.Nf3 b5 11.e5 b4 12.exf6 bxc3 13.Qxc3 gxf6 14.Bh4 d5 15.Kb1 Nb4
16.Nd4 Qa5 17.a3 Nc6 18.Be1 Qxc3 19.Bxc3 Nxd4 20.Bxd4 Rg8 21.g3 f5 22.c4 dxc4
23.Bxc4 Bc6 24.Rhe1 h5 25.Rc1 Be4+ 26.Ka1 h4 27.Re3 hxg3 28.hxg3 Rd8 29.Be5
Ra8 30.Rb3 a5 31.Rbc3 Kf8 32.Bb3 Bd8 33.Bd4 Rg6 34.Rc8 Rxc8 35.Rxc8 Ke7 36.Ba4
Rg8 37.Bc5+ Kf6 38.Bd4+ Ke7 39.Bb6 Bb7 40.Rb8 Bd5 41.Bxa5 f6 42.Bxd8+ Rxd8
43.Rxd8 Kxd8 44.Bc2 Kc7 45.b4 Be4 46.Kb2 Bxc2 47.Kxc2 Kc6 48.a4 e5 49.fxe5
fxe5 50.Kd3 {#r} 1-0

[Event "It (open)"]
[Site "masterchessopen.com – Copenhagen (Denmark)"]
[Round "1"]
[White "Hansen Lars Bo (DEN)"]
[Black "Fuglsang Flemming (DEN)"]
[Result "1-0"]
[WhiteElo "2510"]
[BlackElo "2273"]

1.e4 c5 2.Nf3 Nc6 3.d4 cxd4 4.Nxd4 Nf6 5.Nc3 d6 6.Bg5 Bd7 7.Qd2 a6 8.O-O-O e6
9.f4 Be7 10.Be2 b5 11.Bxf6 gxf6 12.Bh5 b4 13.Nb1 Qa5 14.f5 Nxd4 15.Qxd4 Rc8
16.Rhe1 Rc5 17.a3 bxa3 18.b4 Rxc2+ 19.Kxc2 Qa4+ 20.Kd2 d5 21.Nc3 Bxb4 22.fxe6
Bxe6 23.exd5 O-O 24.dxe6 fxe6 25.Rb1 Bxc3+ 26.Qxc3 a2 27.Rb4 Qd7+ 28.Ke2 a5
29.Rg4+ Kh8 30.Qa3 {#r} 1-0

[Event "Ch Finland (team)"]
[Site "masterchessopen.com – Finland"]
[Round "0"]
[White "Pakkanen Jukka (FIN)"]
[Black "Yrjola Jouni (FIN)"]
[Result "0-1"]
[WhiteElo "2315"]
[BlackElo "2362"]

1.e4 c5 2.Nf3 d6 3.d4 cxd4 4.Nxd4 Nf6 5.Nc3 Nc6 6.Bg5 e6 7.Qd2 a6 8.O-O-O Bd7
9.f4 Be7 10.Nf3 b5 11.e5 b4 12.exf6 bxc3 13.Qxc3 gxf6 14.f5 e5 15.Be3 Rc8
16.Bxa6 Nd4 17.Bxd4 Rxc3 18.Bxc3 Qb6 19.Bc4 Bxf5 20.Rhf1 Be6 21.Bb3 O-O 22.g4
Ra8 23.Kb1 Qa6 24.a3 Qb7 25.Bxe6 fxe6 26.Bb4 d5 27.Bxe7 Qxe7 28.g5 e4 29.gxf6
Qxf6 30.Ng5 Qe7 31.Rg1 Kh8 32.Rdf1 Rf8 33.Rxf8+ Qxf8 34.Nxe6 Qf6 35.Ng5 h6
36.Nh3 e3 37.Re1 e2 38.Kc1 Qf1 39.Kd2 Qxh3 40.Rxe2 Qf5 41.Re3 Qf4 42.Kd3 Qxh2
43.b4 Qc7 44.Kd2 Qc4 45.Rb3 Qb5 46.Rc3 h5 47.Rc5 Qf1 48.c4 {#R} 0-1

[Event "It \"]
[Site "masterchessopen.com – Prague (Czech Republic)"]
[Round "8"]
[White "Belaska Premysl (CZE)"]
[Black "Hausner Ivan (CZE)"]
[Result "1-0"]
[WhiteElo "2320"]
[BlackElo "2445"]

1.e4 c5 2.Nf3 d6 3.d4 cxd4 4.Nxd4 Nf6 5.Nc3 Nc6 6.Bg5 e6 7.Qd2 a6 8.O-O-O Bd7
9.f4 Be7 10.Be2 h6 11.Bh4 O-O 12.g4 Nxe4 13.Nxe4 Bxh4 14.Nxd6 Nxd4 15.Qxd4 Bc6
16.Rhg1 Qa5 17.g5 hxg5 18.fxg5 Bxg5+ 19.Kb1 f6 20.Bg4 f5 21.Bxf5 Rxf5 22.Nxf5
Qxf5 23.Rdf1 Qa5 24.Qg4 Bh6 25.Rf6 Qd2 26.Rg6 {#r} 1-0

[Event "It \"]
[Site "masterchessopen.com – Prague (Czech Republic)"]
[Round "5"]
[White "Joecks Christian (GER)"]
[Black "Hausner Ivan (CZE)"]
[Result "1-0"]
[WhiteElo "2355"]
[BlackElo "2445"]

1.e4 c5 2.Nf3 d6 3.d4 cxd4 4.Nxd4 Nf6 5.Nc3 Nc6 6.Bg5 e6 7.Qd2 a6 8.O-O-O Bd7
9.f4 Be7 10.Be2 b5 11.Bf3 Rc8 12.Rhe1 h6 13.Bxf6 gxf6 14.f5 Qb6 15.Nxc6 Bxc6
16.fxe6 fxe6 17.Kb1 Qc5 18.Bg4 Kf7 19.Nd5 exd5 20.exd5 Be8 21.Bxc8 Qxc8 22.Qe3
Qc7 23.Rd4 Kf8 24.Re4 Rh7 25.Qf4 Kg8 26.Qg3+ Kf8 27.Qf4 Kg7 {#r} 1-0

[Event "It (open)"]
[Site "masterchessopen.com – Ano Liosia (Greece)"]
[Round "0"]
[White "Tziallilas Kostas (GRE)"]
[Black "Koyias Konstantinos (GRE)"]
[Result "0-1"]
[WhiteElo "2092"]
[BlackElo "2217"]

1.e4 c5 2.Nf3 Nc6 3.d4 cxd4 4.Nxd4 Nf6 5.Nc3 d6 6.Bg5 e6 7.Qd2 Be7 8.O-O-O a6
9.f4 Bd7 10.Be2 Qc7 11.Rhf1 O-O 12.f5 Ne5 13.g4 Rfd8 14.Bxf6 Bxf6 15.g5 Be7
16.f6 Bf8 17.Qf4 b5 18.Nf3 Be8 19.Nxe5 dxe5 20.Qh4 g6 21.Rf3 b4 22.Rh3 h6
23.Nb1 Rac8 24.c3 Qa5 25.Rxd8 Rxd8 26.Bc4 Qc5 27.Bf1 Qg1 28.Rf3 Bb5 29.Nd2
bxc3 30.bxc3 Bxf1 31.Nxf1 Qc5 32.Qf2 Qa3+ 33.Qb2 Qa4 {#R} 0-1

[Event "It (open)"]
[Site "masterchessopen.com – Espoo (Finland)"]
[Round "0"]
[White "Ebeling Mika (FIN)"]
[Black "Pulkkinen Kari (FIN)"]
[Result "1-0"]
[WhiteElo "2268"]
[BlackElo "2263"]

1.e4 c5 2.Nf3 d6 3.d4 cxd4 4.Nxd4 Nf6 5.Nc3 Nc6 6.Bg5 e6 7.Qd2 a6 8.O-O-O Bd7
9.f4 Be7 10.Nf3 b5 11.e5 b4 12.exf6 bxc3 13.Qxc3 gxf6 14.Bh4 d5 15.Kb1 Nb4
16.Nd4 Qa5 17.a3 Nc6 18.Qg3 Nxd4 19.Rxd4 Rb8 20.Rd3 Kf8 21.Be2 Rc8 22.Rc1 Bb5
23.Re3 d4 24.Re4 Bxe2 25.Rxe2 Rb8 26.c4 Qf5+ 27.Ka2 Bd6 28.Rd1 Qh5 29.Red2 Rg8
30.Qf2 Qf5 31.Qxd4 Be7 32.Qa7 Re8 33.Qxa6 Kg7 34.Bg3 Rc8 35.Qb7 Rge8 36.Rd7
Qc2 37.Qb3 Qxg2 38.Rb7 Bc5 39.Rdd7 Rf8 40.Qd3 h6 41.Rxf7+ Rxf7 42.Rxf7+ Kxf7
43.Qd7+ Be7 44.Qxc8 h5 45.f5 e5 46.Qe6+ Kf8 47.Bh4 {#r} 1-0

[Event "Tournament (team)"]
[Site "masterchessopen.com – Guarapuava (Brazil)"]
[Round "0"]
[White "Van Riemsdijk Vinicius (BRA)"]
[Black "Oliveira Antonio (POR)"]
[Result "1-0"]
[WhiteElo "2201"]
[BlackElo "2222"]

1.e4 c5 2.Nf3 e6 3.d4 cxd4 4.Nxd4 Nf6 5.Bg5 Nc6 6.Nc3 Be7 7.f4 d6 8.Qd2 a6
9.O-O-O Bd7 10.Nxc6 Bxc6 11.Bxf6 gxf6 12.h4 b5 13.Qd4 Rb8 14.g4 Qa5 15.g5 e5
16.fxe5 fxe5 17.Qe3 b4 18.Nd5 Qxa2 19.Qa7 {#r} 1-0

[Event "It (cat.4)"]
[Site "masterchessopen.com – Policka (Czech Republic)"]
[Round "0"]
[White "Slekys Emilis (LTU)"]
[Black "Hausner Ivan (CZE)"]
[Result "0-1"]
[WhiteElo "2306"]
[BlackElo "2410"]

1.e4 c5 2.Nf3 d6 3.d4 cxd4 4.Nxd4 Nf6 5.Nc3 Nc6 6.Bg5 e6 7.Qd2 a6 8.O-O-O Bd7
9.f4 Be7 10.Nb3 b5 11.Bxf6 gxf6 12.Kb1 Qb6 13.g3 O-O-O 14.Bg2 Kb8 15.Ne2 h5
16.Ned4 h4 17.g4 h3 18.Bf3 Bf8 19.Nxc6+ Bxc6 20.Qd4 Qxd4 21.Nxd4 Bb7 22.f5 Re8
23.Rhf1 Bh6 24.Bh1 Bg5 25.Rd3 Rh4 26.Rg3 Rhh8 27.a3 Kc7 28.fxe6 fxe6 29.c3 Kd7
30.Kc2 Rc8 31.Kd3 Rc5 32.Ne2 d5 33.Ng1 Ke7 34.Rxh3 dxe4+ 35.Ke2 Rcc8 36.Bg2
Bd5 37.Re1 Bc4+ 38.Kf2 Rxh3 {#R} 0-1

[Event "Ch Europe (juniors)"]
[Site "masterchessopen.com – Rimavska Sobota (Slovakia)"]
[Round "0"]
[White "Djingarova Emilia (BUL)"]
[Black "Blazkova Petra (CZE)"]
[Result "1-0"]
[WhiteElo "2309"]
[BlackElo "2174"]

1.e4 c5 2.Nf3 Nc6 3.d4 cxd4 4.Nxd4 Nf6 5.Nc3 d6 6.Bg5 e6 7.Qd2 a6 8.O-O-O Bd7
9.f4 Be7 10.Be2 Qb6 11.Nf3 O-O-O 12.h3 Kb8 13.e5 dxe5 14.fxe5 Nd5 15.Nxd5 exd5
16.Bxe7 Nxe7 17.Qg5 Nf5 18.Rxd5 Be6 19.Rxd8+ Rxd8 20.Rd1 Rc8 21.Bd3 h6 22.Qd2
Nd4 23.Nxd4 Qxd4 24.Qe2 Bxa2 25.Bxa6 Qf4+ 26.Rd2 bxa6 27.Qxa6 Bc4 28.Qb6+ Ka8
29.Qa5+ Kb7 30.Qb4+ Ka8 31.b3 Qe3 32.Qa5+ Kb7 33.bxc4 Ra8 34.Qb5+ Kc8 35.Qe8+
Kb7 36.Qxf7+ Kb8 37.Qf8+ Kb7 38.Qxg7+ Kc6 39.Qd7+ Kb6 40.Qd4+ {#r} 1-0

[Event "It (open)"]
[Site "masterchessopen.com – Vejle (Denmark)"]
[Round "0"]
[White "Pedersen Erik (DEN)"]
[Black "Krogh Carsten (DEN)"]
[Result "0-1"]
[WhiteElo "2399"]
[BlackElo "2300"]

1.e4 c5 2.Nf3 Nc6 3.d4 cxd4 4.Nxd4 Nf6 5.Nc3 d6 6.Bg5 e6 7.Qd2 a6 8.O-O-O Bd7
9.f4 Be7 10.Kb1 O-O 11.Be2 b5 12.Nxc6 Bxc6 13.Bf3 b4 14.Bxf6 gxf6 15.Ne2 Rb8
16.f5 e5 17.Ng3 Kh8 18.Qh6 Rg8 19.Nh5 Rb5 20.g4 d5 21.exd5 Bxd5 22.Rhg1 Qb6
23.Bxd5 Rxd5 24.Rde1 Qd8 25.h4 Rd2 26.Qe3 Qd5 27.Qb3 Rd8 28.Qxd5 R8xd5 29.g5
fxg5 30.hxg5 Bxg5 31.c4 bxc3 32.Rxg5 c2+ 33.Kc1 Rd1+ 34.Kxc2 Rxe1 35.Nf6 Rd8
36.Rh5 Kg7 37.Nxh7 Rh8 38.Nf6 Rxh5 39.Nxh5+ Kh6 40.Ng3 Re3 41.Nh1 Re2+ 42.Kc3
Rg2 43.b4 Rxa2 44.Kc4 Kg5 45.Ng3 Kg4 {#R} 0-1

[Event "It (open)"]
[Site "masterchessopen.com – Copenhagen (Denmark)"]
[Round "3"]
[White "Hyldkrog Lars (DEN)"]
[Black "Brondum Eric (DEN)"]
[Result "1-0"]
[WhiteElo "2029"]
[BlackElo "2140"]

1.e4 c5 2.Nf3 d6 3.d4 cxd4 4.Nxd4 Nf6 5.Nc3 a6 6.Bg5 e6 7.f4 Nc6 8.Qd2 Be7
9.O-O-O Bd7 10.Nf3 Qc7 11.e5 dxe5 12.Nxe5 Rd8 13.Qe1 h6 14.Bh4 O-O 15.Bd3 Nb4
16.g4 Bc6 17.Rg1 Nxd3+ 18.Nxd3 Rd4 19.g5 hxg5 20.Bxg5 Ne4 21.Bxe7 Qxe7
22.Rxg7+ Kxg7 23.Qg1+ Kh7 24.Qxd4 Nxc3 25.Qxc3 Qh4 26.Qb4 Rg8 27.Ne5 a5 28.Qd4
Rg7 29.Nxc6 bxc6 30.Qe4+ f5 31.Qxe6 Qxf4+ 32.Kb1 Qe4 33.Qb3 Qg4 34.Qd3 Rf7
35.a3 a4 36.h3 Qf4 37.Rg1 Rg7 38.Rf1 Qe4 39.Rxf5 Rg1+ 40.Ka2 Qe6+ 41.b3 axb3+
42.cxb3 Kg8 43.Qd8+ Kh7 44.Qh4+ Kg7 45.Qd4+ {#r} 1-0

[Event "Ch Finland (team)"]
[Site "masterchessopen.com – Finland"]
[Round "0"]
[White "Nevanlinna Risto (FIN)"]
[Black "Yrjola Jouni (FIN)"]
[Result "0-1"]
[WhiteElo "2252"]
[BlackElo "2362"]

1.e4 c5 2.Nf3 Nc6 3.d4 cxd4 4.Nxd4 Nf6 5.Nc3 d6 6.Bg5 e6 7.Qd2 a6 8.O-O-O Bd7
9.f4 Be7 10.Nf3 b5 11.Bd3 b4 12.Ne2 a5 13.f5 O-O 14.Rhg1 Qc7 15.g4 b3 16.a3
bxc2 17.Qxc2 Rfc8 18.Kb1 Rab8 19.Bc1 Qb7 20.Nc3 Nb4 21.axb4 axb4 22.g5 bxc3
23.Qe2 Qa7 24.gxf6 Bxf6 25.e5 dxe5 26.Rg2 c2+ 27.Qxc2 Rxc2 28.Bxc2 Bc6 29.fxe6
Bxf3 30.Rd7 {#R} 0-1

[Event "Oberliga NRW 1992/93"]
[Site "masterchessopen.com – Germany"]
[Round "0"]
[White "Blaskowski Johannes (GER)"]
[Black "Schoen Wolfram (GER)"]
[Result "1-0"]
[WhiteElo "2303"]
[BlackElo "2403"]

1.e4 c5 2.Nf3 Nc6 3.d4 cxd4 4.Nxd4 Nf6 5.Nc3 d6 6.Bg5 e6 7.Qd2 a6 8.O-O-O Bd7
9.f4 Be7 10.Kb1 b5 11.Bxf6 gxf6 12.f5 Qb6 13.fxe6 fxe6 14.Nce2 O-O-O 15.g3
Rhe8 16.Bh3 Nxd4 17.Nxd4 Bf8 18.Qc3+ Qc5 19.Qb3 Qe5 20.Rhe1 Kb7 21.c4 Rc8
22.cxb5 axb5 23.Bf1 Rc5 24.a4 Rb8 25.Bxb5 Kc7 26.Qb4 Bxb5 27.Nxb5+ Kd7 28.Rc1
f5 29.Rxc5 dxc5 30.Qd2+ Ke8 31.exf5 Qxf5+ 32.Ka2 Rb7 33.Qg2 Rd7 34.Qc6 Ke7
35.Nc7 e5 36.Qxc5+ Kf7 37.Rxe5 Qd3 38.Rf5+ Kg6 39.Rxf8 Rxc7 40.Qxc7 {#r} 1-0

[Event "Ch Hungary (team) 1993/94"]
[Site "masterchessopen.com – Hungary"]
[Round "0"]
[White "Simo Judit (HUN)"]
[Black "Pallag Szilvia (HUN)"]
[Result "1-0"]
[WhiteElo "2011"]
[BlackElo "1998"]

1.e4 c5 2.Nf3 Nc6 3.d4 cxd4 4.Nxd4 d6 5.Nc3 Nf6 6.Bg5 e6 7.Qd2 Bd7 8.O-O-O Be7
9.f4 a6 10.Be2 Qc7 11.g4 O-O-O 12.Rhg1 e5 13.Nf5 Bxf5 14.gxf5 Nd4 15.Rg3 Kb8
16.Bxf6 Bxf6 17.Nd5 Qc6 18.Rc3 Qa4 19.Kb1 Nxe2 20.Qxe2 exf4 21.Rc4 Qe8 22.Nc7
Qe5 23.Nxa6+ Ka7 24.Rb4 Qa5 25.Qc4 Rc8 26.Qb3 bxa6 27.Rxd6 Qc5 28.Rb7+ {#r}
1-0

[Event "It (open) \"]
[Site "masterchessopen.com – Jyvaskyla (Finland)"]
[Round "3"]
[White "Linnanen Lassi (FIN)"]
[Black "Maki Veijo (FIN)"]
[Result "0-1"]
[WhiteElo "2168"]
[BlackElo "2400"]

1.e4 c5 2.Nf3 Nc6 3.d4 cxd4 4.Nxd4 Nf6 5.Nc3 d6 6.Bg5 e6 7.Qd2 a6 8.O-O-O Bd7
9.f4 Be7 10.Nf3 b5 11.Bd3 b4 12.Ne2 h6 13.Bh4 a5 14.Kb1 a4 15.e5 dxe5 16.fxe5
Nd5 17.Bxe7 Ncxe7 18.c4 bxc3 19.Nxc3 O-O 20.Ne4 Ng6 21.Nf6+ Nxf6 22.Bxg6 Nd5
23.Bc2 Rb8 24.Ka1 Qb6 25.Rb1 Nb4 26.Be4 Rfd8 27.a3 Bc6 28.Qe1 Nd3 29.Qe2 Bxe4
30.Qxe4 Nf2 {#R} 0-1

[Event "It (open)"]
[Site "masterchessopen.com – New York (USA)"]
[Round "1"]
[White "Strenzwilk Denis (USA)"]
[Black "Shirazi Kamran (FRA)"]
[Result "0-1"]
[WhiteElo "2017"]
[BlackElo "2376"]

1.e4 c5 2.Nf3 d6 3.d4 cxd4 4.Nxd4 Nf6 5.Nc3 Nc6 6.Bg5 e6 7.Qd2 a6 8.O-O-O Bd7
9.f4 Be7 10.Nf3 b5 11.Kb1 b4 12.Bxf6 Bxf6 13.Ne2 Be7 14.Ned4 Qb6 15.g3 O-O
16.Bg2 a5 17.Rhe1 a4 18.Nxc6 Bxc6 19.Nd4 Bb7 20.e5 dxe5 21.Bxb7 Qxb7 22.fxe5
Rfd8 23.Qf4 Bc5 24.Nf3 h6 25.Rd2 b3 26.cxb3 axb3 27.a3 Qa6 28.Red1 Rf8 29.Nd4
Bxa3 30.Nxb3 Be7 31.Rd4 Rfc8 {#R} 0-1

[Event "It (open)"]
[Site "masterchessopen.com – Sala (Slovakia)"]
[Round "0"]
[White "Savko Alexei (LAT)"]
[Black "Chachalev Jurij (RUS)"]
[Result "1-0"]
[WhiteElo "2335"]
[BlackElo "2205"]

1.e4 c5 2.Nf3 Nc6 3.d4 cxd4 4.Nxd4 Nf6 5.Nc3 d6 6.Bg5 e6 7.Qd2 Be7 8.O-O-O a6
9.f4 Bd7 10.Nf3 h6 11.Bxf6 gxf6 12.Kb1 Qc7 13.g3 O-O-O 14.f5 Kb8 15.Bh3 Ne5
16.Nd4 Nc4 17.Qe1 d5 18.fxe6 fxe6 19.exd5 e5 20.d6 Qxd6 21.Nb3 Qc6 22.Bxd7
Rxd7 23.Rxd7 Qxd7 24.Qe4 Qe6 25.Rd1 f5 26.Qe2 Rc8 27.Nd5 Bf8 28.Ne3 Nxe3
29.Qxe3 Bg7 30.c3 Ka8 31.Qd3 Rf8 32.Qd7 Qxd7 33.Rxd7 Bf6 34.Nc5 f4 35.gxf4
exf4 36.Ne6 Rg8 37.Nxf4 Be5 38.Nd3 Rg7 39.Nxe5 {#r} 1-0

[Event "It (open)"]
[Site "masterchessopen.com – Aegina (Greece)"]
[Round "0"]
[White "Pandavos Panayotis (GRE)"]
[Black "Bebchuk Leonid (ISR)"]
[Result "1-0"]
[WhiteElo "2400"]
[BlackElo "2141"]

1.e4 c5 2.Nf3 e6 3.d4 cxd4 4.Nxd4 Nf6 5.Nc3 d6 6.Bg5 Nc6 7.Qd2 Be7 8.O-O-O a6
9.f4 Bd7 10.Be2 b5 11.Bf3 b4 12.Nce2 Qa5 13.Kb1 e5 14.Nf5 Bxf5 15.exf5 e4
16.Bxf6 exf3 17.Nd4 Bxf6 18.Nxc6 Qc5 19.Rhe1+ Kd7 20.Ne5+ Kc7 21.Nxf3 Rhe8
22.Qd3 Rxe1 23.Rxe1 Kb6 24.g4 Ra7 25.g5 Bd8 26.Rd1 Be7 27.Nd2 Rc7 28.Nb3 Qf2
29.Rf1 Qxh2 30.f6 gxf6 31.gxf6 Bf8 32.Qe3+ Kb7 33.Na5+ Kb8 34.Qb6+ Kc8
35.Qxa6+ Kd7 36.Qb5+ Ke6 37.Re1+ {#r} 1-0

[Event "It (open) \"]
[Site "masterchessopen.com – Buenos Aires (Argentina)"]
[Round "2"]
[White "German Gustavo (ARG)"]
[Black "Naymark Israel (ARG)"]
[Result "1-0"]
[WhiteElo "2515"]
[BlackElo "2010"]

1.e4 c5 2.Nf3 Nc6 3.d4 cxd4 4.Nxd4 Nf6 5.Nc3 d6 6.Bg5 e6 7.Qd2 Be7 8.O-O-O a6
9.f4 Bd7 10.Nf3 Qc7 11.e5 dxe5 12.fxe5 Ng4 13.Ne4 f6 14.exf6 gxf6 15.h3 fxg5
16.hxg4 O-O-O 17.Nfxg5 Be8 18.Bd3 Qe5 19.Kb1 Rg8 20.Nf3 Qd5 21.g5 Kb8 22.Nf6
Bxf6 23.gxf6 Bh5 24.Qf4+ Ka8 25.f7 Rgf8 26.Be2 Qa5 27.Rxd8+ Nxd8 28.b4 Rxf7
29.bxa5 Rxf4 30.Rxh5 Rg4 31.Rg5 Rxg5 32.Nxg5 h6 33.Ne4 Kb8 34.Kb2 Kc7 35.Kc3
Nc6 36.Nf6 Ne7 37.Kd4 Nf5+ 38.Kd3 Kc6 39.Ne4 Nh4 40.g3 Ng2 41.Kd2 {#r} 1-0

[Event "It (open) \"]
[Site "masterchessopen.com – Gausdal (Norway)"]
[Round "2"]
[White "Ernst Thomas (SWE)"]
[Black "Fyllingen Roy Harald (NOR)"]
[Result "1-0"]
[WhiteElo "2485"]
[BlackElo "2330"]

1.e4 c5 2.Nf3 d6 3.d4 cxd4 4.Nxd4 Nf6 5.Nc3 Nc6 6.Bg5 e6 7.Qd2 a6 8.O-O-O Bd7
9.f4 Be7 10.Nf3 b5 11.e5 dxe5 12.fxe5 b4 13.exf6 gxf6 14.Bxf6 Bxf6 15.Ne4 Be7
16.Qh6 Qa5 17.Nf6+ Bxf6 18.Qxf6 Rg8 19.Bc4 Ra7 20.Rhe1 Qc5 21.Rxd7 Rxd7
22.Bxe6 fxe6 23.Qxe6+ Kd8 24.Qxg8+ Kc7 25.Qg5 Qc4 26.Kb1 Kb7 27.Qe3 Qd5 28.b3
Rg7 29.Qe2 Qc5 30.Rd1 Re7 31.Qd3 Kb6 32.Qd6 Re2 33.Rd2 Qxd6 34.Rxd6 Rxg2
35.Ne5 Kc5 36.Rxc6+ Kd5 37.Rxa6 Kxe5 38.Rh6 {#r} 1-0

[Event "Bayern Regionalliga Southeast 1994/95"]
[Site "masterchessopen.com – Germany"]
[Round "0"]
[White "Eckerl Uwe"]
[Black "Scheipl Ralf (GER)"]
[Result "0-1"]
[WhiteElo "2135"]
[BlackElo "2283"]

1.e4 c5 2.Nf3 d6 3.d4 cxd4 4.Nxd4 Nf6 5.Nc3 Nc6 6.Bg5 e6 7.Qd2 a6 8.O-O-O Bd7
9.f4 Be7 10.Nf3 b5 11.e5 b4 12.exf6 bxc3 13.Qxc3 gxf6 14.Bc4 d5 15.Bb3 a5
16.a3 a4 17.Ba2 Rc8 18.Bh4 Nb4 19.axb4 Rxc3 20.bxc3 Qc7 21.Be1 Qxf4+ 22.Bd2
Qc7 23.Rhf1 O-O 24.Nd4 Rc8 25.Rf3 e5 26.Rg3+ Kh8 27.Bh6 Bf8 28.Bxf8 Rxf8
29.Ne2 Bb5 30.Rd2 Bc4 31.Bxc4 Qxc4 32.Kb2 d4 33.Nxd4 a3+ {#R} 0-1